Loading...
Science - Physics | 2 | 4 | 1 | 0 | 65 | 39 | 55.33 | 4 | 5 |
Science - Other Science | 2 | 3 | 0 | 1 | 60 | 47 | 79.00 | 2 | 4 |
Fine Arts - Auditory Fine Arts | 2 | 2 | 1 | 0 | 45 | 51 | 75.50 | 0 | 3 |
Philosophy | 1 | 3 | 0 | 0 | 45 | 49 | 86.50 | 1 | 3 |
Religion | 0 | 3 | 0 | 1 | 30 | 100 | 114.33 | 0 | 2 |
Literature - American Literature | 0 | 2 | 0 | 1 | 20 | 137 | 144.00 | 0 | 0 |
Science - Chemistry | 0 | 2 | 0 | 0 | 20 | 114 | 121.00 | 0 | 1 |
Literature - World Literature | 0 | 1 | 0 | 0 | 10 | 74 | 74.00 | 0 | 1 |
Literature - European Literature | 0 | 1 | 0 | 0 | 10 | 112 | 112.00 | 0 | 0 |
Social Science | 0 | 1 | 0 | 1 | 10 | 119 | 119.00 | 0 | 0 |
History - American History | 0 | 1 | 0 | 0 | 10 | 81 | 81.00 | 1 | 1 |
Fine Arts - Other Fine Arts | 1 | 0 | 2 | 0 | 5 | 38 | 38.00 | 1 | 1 |
History - Other History | 0 | 0 | 1 | 0 | -5 | 0.00 | 0 | 0 | |
Pop Culture | 0 | 0 | 1 | 0 | -5 | 0.00 | 0 | 0 |